| 000 | 00482nam a2200169Ia 4500 | ||
|---|---|---|---|
| 008 | 230718s9999 xx 000 0 und d | ||
| 020 | _a9788188811090 | ||
| 041 | _aeng | ||
| 082 |
_a294.517'5 _bJAI |
||
| 100 | _aJain S. | ||
| 245 |
_aEvolution Of Religion _bThe History And Religions Of Egypt And Harappan India |
||
| 260 |
_c2009 _bLead Start Pub. |
||
| 300 | _a426 | ||
| 365 |
_cRs. _b495.00 |
||
| 700 | _aJain S. | ||
| 906 |
_dO:0154912-Feb-2011B:304803-Feb-2011 _cGENRL _b99 |
||
| 999 |
_c327225 _d327225 |
||